Statistics for McCall Staff By Decade 1980's

Click here to take the quiz!

General Stats

  • This quiz has been taken 4 times
    (3 since last reset)
  • The average score is 35 of 95

Answer Stats

Starting YearAnswer% Correct
1986-1987, 1991Drip
100%
1989-1997, 2015-PresentSpinner
100%
1988-1994, 1999-2000Tatker
100%
1981-1985Astro
50%
1984Beaver
50%
1981Beaver
50%
1986-1987, 1990Benji
50%
1982-1985BillyCan
50%
1985-1989Birt
50%
1984Braker
50%
1985-1986C-More
50%
1984-1985Cycle
50%
1983-1985, 1987Diggum
50%
1981-1989Dino
50%
1987-1988Echo
50%
1987-1988, 1990-1991EEL
50%
1983-1986Elmo
50%
1988-1989Endeks
50%
1985-1989Erknee
50%
1982-1984Flip Flop
50%
1984-1990FuFu
50%
1986-1990Gumby
50%
1985-1988, 1991Hambone
50%
1986-1989Huckleberry
50%
1986-1995Hush
50%
1981-1983Jawz
50%
1989-1991Jillett
50%
1987Kakki
50%
1986-1988Kasper
50%
1987-1988, 1990-1991Kermit
50%
1989Knewt
50%
1986-1987Knot
50%
1985Kreek
50%
1987-1990Krikit
50%
1984-1985Kro
50%
1989-1990Krooger
50%
1986Kwak
50%
1989-1991Loogy
50%
1985Maize
50%
1986Milkjaw
50%
1980-1981Mullet
50%
1989Murdock
50%
1982Mutt
50%
1984Odie
50%
1989-1995OP
50%
1989Pokey
50%
1980-1985Poochie
50%
1981-1984PushButton
50%
1983-1987Quito
50%
1986-1988Rinkles
50%
1989-1990, 1992Ripper
50%
1980, 1983-1985Rocky
50%
1985-1986Rooster
50%
1987Shultz
50%
1984Skag
50%
1985-1988Skaggs
50%
1987Skippy
50%
1985-1986Skwar
50%
1985, 1989Skweeky
50%
1988Slikk
50%
1982-1985Spanky
50%
1986-1988Sparky
50%
1988-1989Spooky
50%
1982-1983, 1985Thumper
50%
1985-1986Trigger
50%
1987-1990Zod
50%
1981-1983BamBam
0%
1987-1988Baylor
0%
1982-1984Beatle
0%
1983-1985BooBoo
0%
1980-1981, 1983Bozo
0%
1980Bubba
0%
1982-1984Bunky
0%
1980Cartwheel
0%
1981, 1984-1985Clyde
0%
1981-1982Dudley
0%
1981Elroy
0%
1989Enok
0%
1981-1983Gilligan
0%
1982Gnat
0%
1983-1984Gnodd
0%
1982-1983Hopsing
0%
1984-1987, 1996Hozer
0%
1980-1981Jasper
0%
1980-1981Jed
0%
1982-1983Kodak
0%
1989, 1991Lurch
0%
1988Monkk
0%
1988, 1991Patch
0%
1986Potskee
0%
1988Skabby
0%
1983Twinkie
0%
1984Twinkles
0%
1988-1992Vijul
0%
1980-1982Wahoo
0%

Score Distribution

Percentile by Number Answered

Percent of People with Each Score

Your Score History

You have not taken this quiz since the last reset